000 nam a22 a 4500
999 _c141
_d141
005 20170420123517.0
008 170420t1980 -us||||| |||| 00| 0 eng d
020 _a0877792739
040 _aAKMAL
082 _a428.1 WEB
090 _a428.1
_bWEB
245 0 0 _aWebster's instant word guide.
260 _aSpringfield, Mass. :
_bG. & C. Merriam Co.,
_cc1980.
300 _a375 p. ;
_c15cm.
650 0 _aSpellers.
_9356
710 2 _aG. & C. Merriam Company.
_9357
942 _2ddc
_cBOOK
950 _lAKMAL